Folklórny festivalový areál vo Východnej

Bibliographic Details
Main Author: Šprlák-Uličný, Ján, 1933-1993 (Author)
Format: Article
Language:Slovak
PhysicalDescription:Obr.
Subjects:

MARC

LEADER 00000nab a2200000 a 4500
001 vtls009160326
003 SK-MaSNL
005 20260303063256.0
008 140301c1976 xo |r|p|||||||000 b|slo
015 |a SNBRB2007/11  |2 snkbucl 
038 |a SNKBUCL 
040 |a SNKBUCL  |b slo  |c SNKBUCL  |e AACR2 
041 |a slo 
044 |a xo  |c SK 
080 |a 72.011.1(437.6)  |2 1997 
100 1 |a Šprlák-Uličný, Ján,  |d 1933-1993  |4 aut  |9 37205 
245 1 0 |a Folklórny festivalový areál vo Východnej  |c J. Šprlák 
300 |b Obr. 
650 0 7 |a areál folklórneho festivalu  |x architektúra  |2 snkbucl  |9 1060231 
651 7 |a Východná (Slovensko)  |2 snkbucl  |9 60319 
773 0 |t Projekt  |g Roč. 18, č. 7 (199) (1976), s. 24 
852 |a SNK  |b KIS3GCP 
958 |a SK 
999 |c 1742421  |d 1744351